| 000 | 00494pab a2200181 454500 | ||
|---|---|---|---|
| 008 | 180718b2014 xxu||||| |||| 00| 0 eng d | ||
| 100 | _aElbers, Willem | ||
| 245 | _aTrust or control? Private development cooperation at the crossroads | ||
| 260 | _c2014 | ||
| 300 | _ap.1-13. | ||
| 362 | _aFeb | ||
| 650 | _aNongovernmental organizations | ||
| 700 | _aSchulpen, Lau | ||
| 700 | _aKnippenberg, Luuk | ||
| 773 | _aPublic Administration and Development | ||
| 908 | _aN | ||
| 909 | _a103665 | ||
| 999 |
_c103661 _d103661 |
||